TV To-Do Lists III Quiz Stats

 Plays Quiz Updated Oct 9, 2017

Score 0/15 Timer 06:00
3 Plays Today
% Correct
Jeopardy!
89.6%
Orange is the New Black
83.2%
Grey's Anatomy
79.7%
The X-Files
79.4%
Arrested Development
65.1%
Dexter
59.2%
I Love Lucy
57.2%
House of Cards
55.5%
% Correct
The Wire
54.2%
Community
52.7%
Buffy the Vampire Slayer
52.4%
Malcolm in the Middle
48.4%
Justice League
40.4%
Saturday Night Live
39.4%
Adventure Time
15%

You're not logged in!

Compare scores with friends on all Sporcle quizzes.
OR
Log In

You Might Also Like...

Show Comments

Extras

Top Quizzes Today


Score Distribution

Your Account Isn't Verified!

In order to create a playlist on Sporcle, you need to verify the email address you used during registration. Go to your Sporcle Settings to finish the process.

Report this User

Report this user for behavior that violates our Community Guidelines.

Details: